[Event "Tom Weston Open Major"]
[Site "Cardiff"]
[Date "2016.03.25"]
[Round "2.11"]
[White "Hurn, Robert AJ"]
[Black "Fox, Chris"]
[Result "1/2-1/2"]
[WhiteElo "1654"]
[BlackElo "1727"]
[PlyCount "99"]
[EventDate "2016.03.25"]
[EventRounds "7"]
[EventCountry "WLS"]

1. d4 e6 2. c4 f5 3. Nf3 Nf6 4. g3 Be7 5. Bg2 O-O 6. O-O d6 7. Nc3 Qe8 8. Re1
Qg6 9. e4 Nxe4 10. Nxe4 fxe4 11. Rxe4 Nc6 12. Qe2 Bf6 13. Bf4 Bd7 14. Re1 Rae8
15. g4 e5 16. dxe5 dxe5 17. Nxe5 Nxe5 18. Bxe5 Bc6 19. Re3 Bxg2 20. Bxf6 Rxe3
21. fxe3 Bh3 22. Be5 Bxg4 23. Qg2 c6 24. Bg3 Bf3 25. Qd2 h5 26. Qd4 Be4 27. Rf1
Rxf1+ 28. Kxf1 Qg4 29. Ke1 Qf3 30. Be5 Qh1+ 31. Kd2 Qg2+ 32. Kc3 Qc2+ 33. Kb4
b6 34. Qc3 a5+ 35. Ka3 Qg2 36. Bc7 b5 37. cxb5 cxb5 38. Qb3+ Bd5 39. Qxb5 Qe4
40. Bf4 a4 41. Qb4 Qd3+ 42. Qc3 Qb1 43. b3 axb3 44. axb3 Qe4 45. Qe5 Qd3 46.
Qe8+ Kh7 47. Qxh5+ Kg8 48. Qe8+ Kh7 49. Qa4 Qc3 50. Ka2 1/2-1/2

[Event "Tom Weston Open Major"]
[Site "Cardiff"]
[Date "2016.03.25"]
[Round "2.13"]
[White "Parri, Deio"]
[Black "Herkes, Steve"]
[Result "1-0"]
[WhiteElo "1681"]
[BlackElo "1521"]
[PlyCount "63"]
[EventDate "2016.03.25"]
[EventRounds "7"]
[EventCountry "WLS"]

1. d4 Nf6 2. c4 d6 3. Nc3 g6 4. e4 Bg7 5. Bd3 Nc6 6. Nge2 O-O 7. f3 a6 8. Bg5
e5 9. d5 Ne7 10. Qd2 c6 11. O-O-O cxd5 12. Nxd5 Nexd5 13. cxd5 Bd7 14. Kb1 Rc8
15. g4 Qb6 16. Ng3 Bb5 17. h4 Bxd3+ 18. Qxd3 h5 19. Bxf6 Bxf6 20. gxh5 Qf2 21.
Rdg1 Bxh4 22. Nf5 Bf6 23. hxg6 fxg6 24. Rxg6+ Kf7 25. Rgg1 Qc5 26. Rc1 Qb6 27.
Rh7+ Kg8 28. Rch1 Rc7 29. R7h2 Qc5 30. Nh6+ Kg7 31. Rg2+ Kh8 32. Nf7# 1-0

[Event "Tom Weston Open Major"]
[Site "Cardiff"]
[Date "2016.03.25"]
[Round "2.14"]
[White "Evans, James"]
[Black "Prob, Malcolm"]
[Result "1-0"]
[WhiteElo "1478"]
[BlackElo "1641"]
[PlyCount "63"]
[EventDate "2016.03.25"]
[EventRounds "7"]
[EventCountry "WLS"]

1. e4 e6 2. d3 c5 3. Nd2 g6 4. Ngf3 Nc6 5. g3 Bg7 6. Bg2 Nge7 7. O-O O-O 8. h4
d5 9. Nh2 d4 10. h5 e5 11. Ndf3 h6 12. Nh4 g5 13. N4f3 f6 14. Ne1 b5 15. f4 c4
16. Nef3 gxf4 17. gxf4 Be6 18. f5 Bf7 19. Nh4 Kh7 20. Ng4 Ng8 21. Ng6 Re8 22.
Rf3 Rc8 23. Rg3 cxd3 24. cxd3 a5 25. Nf2 Nge7 26. Qg4 Rg8 27. Bd2 b4 28. Qh4
Na7 29. Ng4 Re8 30. Nxf6+ Bxf6 31. Qxf6 Rf8 32. Nxe7 1-0

[Event "Tom Weston Open Major"]
[Site "Cardiff"]
[Date "2016.03.25"]
[Round "2.15"]
[White "Sivarajasingam, Venetia"]
[Black "Llewellyn, Alan M"]
[Result "1-0"]
[WhiteElo "1587"]
[BlackElo "1514"]
[PlyCount "73"]
[EventDate "2016.03.25"]
[EventRounds "7"]
[EventCountry "WLS"]

1. e4 Nf6 2. e5 Nd5 3. d4 d6 4. Bc4 c6 5. Nf3 g6 6. O-O Bg7 7. Qd3 dxe5 8. Nxe5
Be6 9. c3 O-O 10. Nf3 b5 11. Bxd5 Bxd5 12. Nbd2 Nd7 13. Re1 Nb6 14. Nb3 Bxb3
15. axb3 c5 16. Qxb5 cxd4 17. Nxd4 Bxd4 18. cxd4 Qxd4 19. Bh6 Rfe8 20. Rxa7 Qh4
21. Bg5 Qh5 22. h3 h6 23. Qxb6 Qxg5 24. Rxa8 Rxa8 25. Qb7 Re8 26. Qd7 Kf8 27.
b4 Qf6 28. Qd2 Qd6 29. Qxh6+ Kg8 30. Re4 f5 31. Rh4 Ra8 32. Qh8+ Kf7 33. Qxa8
Ke6 34. Qa2+ Kd7 35. Qa7+ Ke6 36. Qe3+ Kf6 37. Qd4+ 1-0

[Event "Tom Weston Open Major"]
[Site "Cardiff"]
[Date "2016.03.25"]
[Round "2.16"]
[White "Govindaraj, Neya"]
[Black "Fowler, Hugo"]
[Result "0-1"]
[WhiteElo "1229"]
[BlackElo "1558"]
[PlyCount "98"]
[EventDate "2016.03.25"]
[EventRounds "7"]
[EventCountry "WLS"]

1. d4 d5 2. Nc3 Nf6 3. Bg5 Nbd7 4. Qd3 c6 5. e4 dxe4 6. Nxe4 Qa5+ 7. Bd2 Qb6 8.
Bc3 Nxe4 9. Qxe4 Nf6 10. Qd3 e6 11. Nf3 Nd5 12. a3 Bd6 13. g3 Bd7 14. Bg2 O-O
15. O-O f5 16. Ne5 Bxe5 17. dxe5 Rac8 18. a4 a5 19. b3 Be8 20. Bd4 c5 21. Bb2
Bc6 22. Ba3 Rcd8 23. Qc4 Qc7 24. Bxc5 Rfe8 25. Bd6 Qf7 26. Qc5 f4 27. Qxa5 f3
28. Bh1 Nf4 29. Rfd1 Ne2+ 30. Kf1 Qf5 31. Ke1 Qxc2 32. Qb4 Nd4 33. Rd2 Qe4+ 34.
Kd1 Nf5 35. Qxe4 Bxe4 36. Bb4 Rxd2+ 37. Kxd2 Rd8+ 38. Kc1 Nd4 39. Kb2 Rc8 40.
Bc3 Ne2 41. Ba5 Rc5 42. b4 Rxe5 43. Rc1 Nxc1 44. Kxc1 Bc6 45. Kd2 Re2+ 46. Kc3
Rxf2 47. b5 Bd5 48. h4 Rf1 49. Bxf3 Rxf3+ 0-1

[Event "Tom Weston Open Major"]
[Site "Cardiff"]
[Date "2016.03.25"]
[Round "2.17"]
[White "Qiu, Anlan"]
[Black "Fraser, Susanna"]
[Result "0-1"]
[WhiteElo "1551"]
[BlackElo "1439"]
[PlyCount "102"]
[EventDate "2016.03.25"]
[EventRounds "7"]
[EventCountry "WLS"]

1. e4 e5 2. Nf3 Nc6 3. Bc4 Nf6 4. d3 Be7 5. O-O O-O 6. Re1 d6 7. h3 h6 8. c3
Be6 9. Bxe6 fxe6 10. Nbd2 Nd7 11. d4 exd4 12. cxd4 Nb6 13. Nf1 d5 14. e5 Qd7
15. b3 a5 16. a3 Na7 17. Ne3 c5 18. dxc5 Bxc5 19. Bb2 Nc6 20. Rc1 Qe7 21. Nc2
Rad8 22. Ncd4 Nxd4 23. Bxd4 Nd7 24. Bxc5 Nxc5 25. Nd4 Ne4 26. f3 Ng5 27. Nb5
Rd7 28. Rc3 Rfd8 29. Qd4 Qf7 30. Nd6 Qg6 31. Kh1 Nf7 32. Nxf7 Qxf7 33. Rec1 Qe7
34. b4 axb4 35. axb4 Rf8 36. Qb6 d4 37. Rd3 Rfd8 38. Rc4 Qh4 39. Qxe6+ Kh8 40.
Rd1 b5 41. Rc2 d3 42. Rb2 d2 43. Rbb1 Rd4 44. Qb3 Qe7 45. Qb2 R8d5 46. Qc3 Qxe5
47. Rb2 Qe2 48. Qc2 Rc4 49. Qb3 Rd3 50. Qxd3 Qxd3 51. Rbxd2 Qb3 0-1

[Event "Tom Weston Open Major"]
[Site "Cardiff"]
[Date "2016.03.25"]
[Round "2.18"]
[White "Sivarajasingam, Shayanna"]
[Black "O'Rourke, Kevin"]
[Result "1-0"]
[WhiteElo "1524"]
[BlackElo "1393"]
[PlyCount "99"]
[EventDate "2016.03.25"]
[EventRounds "7"]
[EventCountry "WLS"]

1. e4 e5 2. Nf3 d6 3. d4 exd4 4. Nxd4 Nf6 5. Nc3 a6 6. Bd3 b5 7. O-O c5 8. Nf3
c4 9. Be2 Bd7 10. Bg5 Be7 11. Bxf6 Bxf6 12. Qxd6 Be7 13. Qd5 Bc6 14. Qxd8+ Bxd8
15. Rad1 O-O 16. Nd4 b4 17. Nxc6 Nxc6 18. Nd5 Ne5 19. f4 Ng6 20. Bxc4 Rc8 21.
Bb3 Ne7 22. Nxb4 Bb6+ 23. Kh1 a5 24. Nd5 Nxd5 25. Rxd5 Rce8 26. e5 Re6 27. Rfd1
Rh6 28. Rd6 Be3 29. Rxh6 gxh6 30. g3 Kg7 31. Kg2 h5 32. Kf3 Bb6 33. Rd7 Bd8 34.
e6 Kf6 35. Rxf7+ Rxf7 36. exf7 Kg7 37. Bd5 Be7 38. h3 h4 39. g4 Bf6 40. b3 Bd4
41. c4 Bc5 42. Ke4 Kf6 43. g5+ Kg6 44. Be6 h6 45. Kd5 Bb4 46. c5 Kg7 47. gxh6+
Kf8 48. h7 Bc3 49. c6 a4 50. c7 1-0

[Event "Tom Weston Open Major"]
[Site "Cardiff"]
[Date "2016.03.26"]
[Round "3.1"]
[White "McGregor, John"]
[Black "Turner, Matthew J"]
[Result "0-1"]
[WhiteElo "1814"]
[BlackElo "2502"]
[PlyCount "42"]
[EventDate "2016.03.25"]
[EventRounds "7"]
[EventCountry "WLS"]

1. e4 c5 2. Nc3 Nc6 3. f4 g6 4. Nf3 Bg7 5. Bb5 Nd4 6. Bc4 d6 7. Nxd4 cxd4 8.
Bb5+ Bd7 9. Bxd7+ Qxd7 10. Ne2 Qc6 11. d3 Rc8 12. O-O Qxc2 13. Ng3 Qxd1 14.
Rxd1 Kd7 15. b3 Rc2 16. Ba3 Nf6 17. Rdc1 Rhc8 18. Kf1 Ng4 19. Ne2 Ne3+ 20. Ke1
Rxc1+ 21. Rxc1 Nc2+ 0-1

[Event "Tom Weston Open Major"]
[Site "Cardiff"]
[Date "2016.03.26"]
[Round "3.2"]
[White "Ivekovic, Tihana"]
[Black "Wagner, Guy"]
[Result "1/2-1/2"]
[WhiteElo "2115"]
[BlackElo "1780"]
[PlyCount "90"]
[EventDate "2016.03.25"]
[EventRounds "7"]
[EventCountry "WLS"]

1. d4 e6 2. c4 f5 3. g3 Nf6 4. Bg2 Be7 5. Nf3 O-O 6. O-O d6 7. Nc3 a5 8. b3 Ne4
9. Nxe4 fxe4 10. Nd2 d5 11. f3 exf3 12. Nxf3 c5 13. Be3 cxd4 14. Nxd4 dxc4 15.
bxc4 e5 16. Bd5+ Kh8 17. Ne6 Bxe6 18. Bxe6 Rxf1+ 19. Qxf1 Nc6 20. Rb1 Qd6 21.
Bd5 Rf8 22. Qd1 h6 23. Rxb7 Nb4 24. Qd2 Nxd5 25. cxd5 Qf6 26. Rb1 Qf5 27. Rd1
Bb4 28. Qc1 Rc8 29. Qb1 Qg4 30. d6 Rd8 31. d7 Rxd7 32. Rxd7 Qxd7 33. Qd3 Qxd3
34. exd3 Kg8 35. Kg2 Kf7 36. Kf3 h5 37. Ke4 Ke6 38. a4 g6 39. Ba7 Bd2 40. h3
Be1 41. g4 hxg4 42. hxg4 Bb4 43. Bb6 Bd2 44. Bf2 Bb4 45. Ba7 Bd6 1/2-1/2

[Event "Tom Weston Open Major"]
[Site "Cardiff"]
[Date "2016.03.26"]
[Round "3.3"]
[White "Thomas, Roy"]
[Black "Pearson, Raymond"]
[Result "0-1"]
[WhiteElo "1720"]
[BlackElo "1952"]
[PlyCount "80"]
[EventDate "2016.03.25"]
[EventRounds "7"]
[EventCountry "WLS"]

1. f4 d5 2. Nf3 Nf6 3. e3 g6 4. Be2 Bg7 5. d3 O-O 6. O-O c5 7. Nc3 Nc6 8. e4 d4
9. Na4 b6 10. Qe1 Ba6 11. b3 Ng4 12. Bd1 Ne3 13. Rf2 e5 14. Nxe5 Nxe5 15. fxe5
Bxe5 16. Rb1 f5 17. exf5 Qh4 18. Bxe3 dxe3 19. Qxe3 Qxh2+ 20. Kf1 Qh1+ 21. Ke2
Bd4 22. Qe6+ Kh8 23. c3 Rae8 24. cxd4 Rxe6+ 25. fxe6 Bxd3+ 26. Kxd3 Rxf2 27. d5
Qf1+ 28. Kc3 Qe1+ 29. Kd3 Rd2+ 30. Kc4 Qe4+ 31. Kb5 Qxb1 32. Bf3 Qe1 33. Kc6
Qe5 34. a3 Kg7 35. Kd7 Rxd5+ 36. Bxd5 Qxd5+ 37. Ke7 Qb7+ 38. Kd6 Kf6 39. Nc3
Qe7+ 40. Kd5 Qxe6# 0-1

[Event "Tom Weston Open Major"]
[Site "Cardiff"]
[Date "2016.03.26"]
[Round "3.4"]
[White "Christmas, Steve"]
[Black "Buttell, David"]
[Result "1/2-1/2"]
[WhiteElo "1923"]
[BlackElo "1813"]
[PlyCount "90"]
[EventDate "2016.03.25"]
[EventRounds "7"]
[EventCountry "WLS"]

1. d4 d5 2. Nf3 Nf6 3. c3 e6 4. Bf4 Nbd7 5. e3 c5 6. Nbd2 b6 7. Be2 Be7 8. h3
Bb7 9. O-O O-O 10. Qc2 Re8 11. Rad1 cxd4 12. exd4 Nf8 13. Bb5 N8d7 14. Bd3 Nf8
15. Rfe1 a6 16. Kh1 b5 17. a3 Qb6 18. Qb3 Ng6 19. Bh2 Bd6 20. Bxg6 hxg6 21. Ne5
Bxe5 22. Bxe5 Nd7 23. Bg3 Qc6 24. f3 Nb6 25. Re2 Nc4 26. Nxc4 bxc4 27. Qc2 Bc8
28. Qd2 Bd7 29. Qg5 Qc8 30. Rde1 Qd8 31. Qxd8 Rexd8 32. h4 Rdc8 33. Kg1 Rc6 34.
Kf2 Ra7 35. Rd2 Rb7 36. Ree2 Rcb6 37. Bf4 Ba4 38. Bg5 f6 39. Bf4 Kf7 40. g4 Bb3
41. Bg3 Ba2 42. Kg2 Bb1 43. Rf2 Bd3 44. Kg1 Re7 45. f4 f5 1/2-1/2

[Event "Tom Weston Open Major"]
[Site "Cardiff"]
[Date "2016.03.26"]
[Round "3.5"]
[White "Harle, Bill"]
[Black "Summers, Charles"]
[Result "1/2-1/2"]
[WhiteElo "1831"]
[BlackElo "1922"]
[PlyCount "57"]
[EventDate "2016.03.25"]
[EventRounds "7"]
[EventCountry "WLS"]

1. d4 Nf6 2. Nf3 c5 3. e3 e6 4. g3 b6 5. Bg2 Bb7 6. b3 Qc7 7. c4 cxd4 8. exd4
Bb4+ 9. Bd2 Be7 10. O-O Nc6 11. Nc3 a6 12. Rc1 Ba3 13. Rc2 Bd6 14. Ne2 Nb4 15.
Bxb4 Bxb4 16. Nc3 O-O 17. Qe2 Rac8 18. Rfc1 Ba3 19. Rd1 d5 20. Nb1 Bd6 21. Rdc1
dxc4 22. Rxc4 Qb8 23. Rxc8 Rxc8 24. Rxc8+ Qxc8 25. Qb2 h6 26. Qc3 Ne4 27. Qxc8+
Bxc8 28. Ne5 Bxe5 29. dxe5 1/2-1/2

[Event "Tom Weston Open Major"]
[Site "Cardiff"]
[Date "2016.03.26"]
[Round "3.6"]
[White "Gibbs, Dominic V"]
[Black "Donovan, Edward"]
[Result "1-0"]
[WhiteElo "1914"]
[BlackElo "1706"]
[PlyCount "101"]
[EventDate "2016.03.25"]
[EventRounds "7"]
[EventCountry "WLS"]

1. e4 c5 2. c3 g6 3. d4 cxd4 4. cxd4 d5 5. e5 Bg7 6. Nc3 a6 7. Qb3 e6 8. f4 Ne7
9. Nf3 Nbc6 10. Be3 b5 11. Bd3 Na5 12. Qc2 Nc4 13. Bf2 Bb7 14. O-O Rc8 15. Qe2
O-O 16. Bh4 Qd7 17. Rae1 Nf5 18. Bf2 Qe7 19. Nd1 Rfe8 20. b3 Na5 21. g4 Nh6 22.
Ne3 Kh8 23. f5 exf5 24. gxf5 Nxf5 25. Nxf5 gxf5 26. Bxf5 Rc6 27. Bh4 Qc7 28.
Bg5 Bc8 29. Bb1 Bh3 30. Qd3 Rg6 31. Qd2 Bxf1 32. Bxg6 hxg6 33. Rxf1 Nc6 34. Bf6
Kg8 35. Ng5 Nd8 36. Qg2 Qd7 37. Bxd8 Qxd8 38. Nxf7 Qh4 39. Qxd5 Kh7 40. Nd6 Re7
41. Qe4 Qg5+ 42. Kh1 Bxe5 43. dxe5 Rxe5 44. Qb7+ Re7 45. Qxe7+ Qxe7 46. Rf7+
Qxf7 47. Nxf7 Kg7 48. Ne5 Kf6 49. Nc6 Ke6 50. b4 Kd6 51. Nb8 1-0

[Event "Tom Weston Open Major"]
[Site "Cardiff"]
[Date "2016.03.26"]
[Round "3.7"]
[White "Bridges, Paul"]
[Black "Lutchman Singh, Karanvir"]
[Result "1-0"]
[WhiteElo "1821"]
[BlackElo "1735"]
[PlyCount "65"]
[EventDate "2016.03.25"]
[EventRounds "7"]
[EventCountry "WLS"]

1. e4 c6 2. d4 d5 3. e5 Bf5 4. Bd3 Bg6 5. f4 e6 6. Nf3 Ne7 7. O-O Nf5 8. c3 Be7
9. g4 Nh4 10. Nxh4 Bxh4 11. f5 exf5 12. gxf5 Nd7 13. fxg6 hxg6 14. Qf3 Qe7 15.
Na3 Qe6 16. Be2 Be7 17. Qg4 Qxg4+ 18. Bxg4 Rh4 19. Bxd7+ Kxd7 20. Rxf7 Rah8 21.
Rf2 Rh3 22. Bd2 Bh4 23. Rg2 g5 24. Rf1 g4 25. Rxg4 Bg3 26. Rxg7+ Ke8 27. Rxg3
Rxh2 28. Rg8+ Rxg8+ 29. Kxh2 Rh8+ 30. Kg2 Rg8+ 31. Kf2 Rf8+ 32. Ke2 Rh8 33. Nc2
1-0

[Event "Tom Weston Open Major"]
[Site "Cardiff"]
[Date "2016.03.26"]
[Round "3.8"]
[White "Fox, Chris"]
[Black "Sivarajasingam, Venetia"]
[Result "0-1"]
[WhiteElo "1727"]
[BlackElo "1587"]
[PlyCount "60"]
[EventDate "2016.03.25"]
[EventRounds "7"]
[EventCountry "WLS"]

1. d4 d5 2. Nf3 Nf6 3. Bf4 c5 4. e3 Qb6 5. Nc3 Qxb2 6. Nb5 Na6 7. Rb1 Qxa2 8.
Ra1 Qb2 9. Rxa6 bxa6 10. Nc7+ Kd8 11. Nxa8 Ne4 12. Be2 Qb4+ 13. Kf1 f6 14. Nc7
Nc3 15. Qe1 c4 16. h3 a5 17. Kg1 a4 18. Kh2 a3 19. Nb5 Qxb5 20. Qxc3 e6 21. Qa1
Qb2 22. Qb1 Bb4 23. e4 Qxb1 24. Rxb1 Bc3 25. exd5 exd5 26. Bd2 a2 27. Rd1 a1=Q
28. Rxa1 Bxa1 29. Ba5+ Kd7 30. Kg1 Kc6 0-1

[Event "Tom Weston Open Major"]
[Site "Cardiff"]
[Date "2016.03.26"]
[Round "3.9"]
[White "Fowler, Hugo"]
[Black "Williams, Stephen"]
[Result "0-1"]
[WhiteElo "1558"]
[BlackElo "1724"]
[PlyCount "82"]
[EventDate "2016.03.25"]
[EventRounds "7"]
[EventCountry "WLS"]

1. e4 c6 2. d4 d5 3. Nc3 dxe4 4. Nxe4 Bf5 5. Ng3 Bg6 6. h4 h6 7. Bc4 Na6 8. c3
Nc7 9. Nh3 e6 10. Nf4 Bh7 11. Bd2 Nf6 12. Qe2 Bd6 13. Nfh5 Nxh5 14. Nxh5 O-O
15. O-O-O Nd5 16. g4 Nf6 17. g5 Nxh5 18. Qxh5 Bg6 19. Qe2 h5 20. Bd3 Bxd3 21.
Qxd3 g6 22. Rhe1 Kh7 23. Qf3 a5 24. a4 Qc7 25. Re4 b5 26. axb5 cxb5 27. Bf4
Bxf4+ 28. Qxf4 Qc6 29. Rde1 b4 30. Qf3 bxc3 31. bxc3 a4 32. R1e2 a3 33. Ra2 Qc4
34. Ree2 Kg8 35. Rec2 Rfc8 36. Kd1 Rd8 37. Kc1 Qb3 38. Qe2 Rac8 39. Qd3 e5 40.
Qe3 exd4 41. cxd4 Qxa2 0-1

[Event "Tom Weston Open Major"]
[Site "Cardiff"]
[Date "2016.03.26"]
[Round "3.10"]
[White "Hunt, Bill"]
[Black "Camp, Imogen A L"]
[Result "1/2-1/2"]
[WhiteElo "1544"]
[BlackElo "1691"]
[PlyCount "81"]
[EventDate "2016.03.25"]
[EventRounds "7"]
[EventCountry "WLS"]

1. e4 e5 2. Nf3 Nc6 3. Bc4 Bc5 4. c3 Nf6 5. d3 h6 6. Bb3 d6 7. Nbd2 Bg4 8. Nf1
Qe7 9. Be3 Bb6 10. Bxb6 axb6 11. Ne3 Be6 12. O-O Qd7 13. Nh4 d5 14. exd5 Nxd5
15. Nxd5 Bxd5 16. Qe2 O-O 17. Rad1 Bxb3 18. axb3 Ra2 19. Nf3 Qd5 20. Qc2 Qc5
21. Qd2 Rd8 22. Rfe1 Qd5 23. Qc2 f6 24. Re4 b5 25. h3 b4 26. c4 Qc5 27. Qb1 Ra6
28. Qc2 Nd4 29. Nxd4 Rxd4 30. Rde1 Rad6 31. Rxd4 Qxd4 32. Re3 Kf7 33. Kf1 f5
34. Ke2 Ra6 35. Qb1 Kf6 36. f3 Qa7 37. Qe1 c5 38. Qh4+ Kg6 39. Qg3+ Kh7 40.
Qxe5 Rg6 41. Kf2 1/2-1/2

[Event "Tom Weston Open Major"]
[Site "Cardiff"]
[Date "2016.03.26"]
[Round "3.11"]
[White "Sivarajasingam, Shayanna"]
[Black "Parri, Deio"]
[Result "1/2-1/2"]
[WhiteElo "1524"]
[BlackElo "1681"]
[PlyCount "45"]
[EventDate "2016.03.25"]
[EventRounds "7"]
[EventCountry "WLS"]

1. e4 e6 2. d4 d5 3. e5 c5 4. c3 Nc6 5. Nf3 Qb6 6. a3 cxd4 7. cxd4 Bd7 8. b4 a6
9. Be3 Nge7 10. Bd3 Ng6 11. O-O Be7 12. Nc3 Na7 13. Rc1 O-O 14. Na4 Bxa4 15.
Qxa4 Rfc8 16. h3 Qd8 17. Rc2 Rxc2 18. Qxc2 Rc8 19. Qb2 Qd7 20. Rc1 Rxc1+ 21.
Qxc1 b5 22. Nd2 Nc8 23. Nb3 1/2-1/2

[Event "Tom Weston Open Major"]
[Site "Cardiff"]
[Date "2016.03.26"]
[Round "3.12"]
[White "Jukes, Sam"]
[Black "Evans, James"]
[Result "1/2-1/2"]
[WhiteElo "1659"]
[BlackElo "1478"]
[PlyCount "69"]
[EventDate "2016.03.25"]
[EventRounds "7"]
[EventCountry "WLS"]

1. d4 Nf6 2. c4 e6 3. Nc3 b6 4. Nf3 Bb7 5. e3 c5 6. Be2 Nc6 7. d5 exd5 8. cxd5
Nb4 9. d6 Qb8 10. Nb5 Nbd5 11. Bc4 a6 12. Bxd5 Nxd5 13. Nc3 Nxc3 14. bxc3 Qxd6
15. O-O Qxd1 16. Rxd1 Bxf3 17. gxf3 O-O-O 18. e4 Be7 19. a4 Kb7 20. c4 g5 21.
Rb1 Rhg8 22. Rd3 Rg6 23. Rdb3 Rc8 24. Be3 Rcc6 25. Kg2 h5 26. h3 Bd8 27. a5 Be7
28. Kf1 Kc8 29. e5 Kb7 30. f4 Rge6 31. fxg5 Rxe5 32. Rxb6+ Rxb6 33. Rxb6+ Ka7
34. g6 fxg6 35. Rxg6 1/2-1/2

[Event "Tom Weston Open Major"]
[Site "Cardiff"]
[Date "2016.03.26"]
[Round "3.13"]
[White "Fraser, Susanna"]
[Black "Hurn, Robert AJ"]
[Result "0-1"]
[WhiteElo "1439"]
[BlackElo "1654"]
[PlyCount "56"]
[EventDate "2016.03.25"]
[EventRounds "7"]
[EventCountry "WLS"]

1. d4 Nf6 2. Nc3 c5 3. dxc5 Nc6 4. Nf3 a6 5. Bf4 Qa5 6. Qd2 Qxc5 7. e3 d6 8.
Bg5 Be6 9. O-O-O h6 10. Bxf6 gxf6 11. Nd5 Rc8 12. Qc3 Qxc3 13. Nxc3 Bg7 14. Nd4
Nxd4 15. exd4 f5 16. d5 Bd7 17. Nb1 O-O 18. Bd3 Rc5 19. Rhe1 Bf6 20. Be2 Rfc8
21. Na3 b5 22. b3 Bc3 23. Rg1 Bb4 24. Kb2 Bxa3+ 25. Kxa3 Rxc2 26. Bd3 Rxf2 27.
h3 a5 28. b4 Rc3# 0-1

[Event "Tom Weston Open Major"]
[Site "Cardiff"]
[Date "2016.03.26"]
[Round "3.14"]
[White "Rovaretti, David"]
[Black "Lutchman Singh, Aishwarya"]
[Result "1-0"]
[WhiteElo "1611"]
[BlackElo "1440"]
[PlyCount "31"]
[EventDate "2016.03.25"]
[EventRounds "7"]
[EventCountry "WLS"]

1. d4 Nf6 2. Nf3 d6 3. e3 Nbd7 4. Bd3 e5 5. Nbd2 Be7 6. b3 c6 7. Bb2 Qc7 8. c4
Qa5 9. O-O O-O 10. Qc2 Qc7 11. Rac1 Re8 12. Ng5 Nf8 13. Ndf3 h6 14. dxe5 Ng4
15. Bh7+ Kh8 16. Nxf7# 1-0

[Event "Tom Weston Open Major"]
[Site "Cardiff"]
[Date "2016.03.26"]
[Round "3.15"]
[White "Prob, Malcolm"]
[Black "Govindaraj, Neya"]
[Result "0-1"]
[WhiteElo "1641"]
[BlackElo "1229"]
[PlyCount "60"]
[EventDate "2016.03.25"]
[EventRounds "7"]
[EventCountry "WLS"]

1. Nf3 Nf6 2. c4 g6 3. Nc3 Bg7 4. e4 d6 5. d4 O-O 6. Be3 Nbd7 7. h3 c5 8. d5
Qa5 9. Nd2 Ne8 10. Qc2 Ndf6 11. f4 e6 12. e5 dxe5 13. fxe5 Nd7 14. Nb3 Qb6 15.
O-O-O Bxe5 16. Na4 Qc7 17. Naxc5 Nxc5 18. Bxc5 Bf4+ 19. Kb1 Nd6 20. Bd3 exd5
21. cxd5 b6 22. Bb4 Qxc2+ 23. Kxc2 Rd8 24. Rhf1 Be5 25. Rde1 Bg7 26. Re7 Nf5
27. Rc7 Ne3+ 28. Kc1 Nxf1 29. Bxf1 Rxd5 30. Bc4 Rd7 0-1

[Event "Tom Weston Open Major"]
[Site "Cardiff"]
[Date "2016.03.27"]
[Round "3.16"]
[White "Herkes, Steve"]
[Black "Qiu, Anlan"]
[Result "0-1"]
[WhiteElo "1521"]
[BlackElo "1551"]
[PlyCount "128"]
[EventDate "2016.03.25"]
[EventRounds "7"]
[EventCountry "WLS"]

1. e4 e6 2. c4 d5 3. cxd5 exd5 4. exd5 Nf6 5. Nf3 Nxd5 6. Bc4 Be6 7. O-O Bc5 8.
d3 O-O 9. Nbd2 Nc6 10. Ne4 Bb6 11. a3 Re8 12. Bg5 f6 13. Bh4 Qd7 14. Qd2 Kh8
15. Rad1 Nd4 16. Nxd4 Bxd4 17. Rfe1 Nb6 18. Bxe6 Rxe6 19. Bg3 Nd5 20. Re2 Rae8
21. Rde1 R8e7 22. h3 Rb6 23. Nc3 Bxc3 24. bxc3 Rxe2 25. Qxe2 Kg8 26. c4 Nc3 27.
Qc2 Na4 28. Rb1 Rxb1+ 29. Qxb1 Nc5 30. Qb4 b6 31. d4 Qxd4 32. Bxc7 Nd3 33. Qb3
Qxf2+ 34. Kh2 Nf4 35. Bxf4 Qxf4+ 36. Kh1 Qd4 37. c5+ Kf8 38. cxb6 Qxb6 39. Qd5
Qc7 40. Qd3 h6 41. Qe3 Qe7 42. Qc3 g5 43. g4 Kg7 44. Kg2 Qe4+ 45. Kg3 Qe5+ 46.
Qxe5 fxe5 47. Kf3 Kf6 48. Ke4 Ke6 49. a4 a5 50. Kd3 Kd5 51. Ke3 e4 52. Kd2 Kd4
53. Ke2 e3 54. Kd1 Ke4 55. Ke2 Kf4 56. Kf1 Kg3 57. Ke2 Kxh3 58. Kxe3 Kxg4 59.
Kf2 Kh3 60. Kg1 Kg3 61. Kh1 h5 62. Kg1 g4 63. Kh1 Kf2 64. Kh2 g3+ 0-1

[Event "Tom Weston Open Major"]
[Site "Cardiff"]
[Date "2016.03.26"]
[Round "4.1"]
[White "Turner, Matthew J"]
[Black "Gibbs, Dominic V"]
[Result "1-0"]
[WhiteElo "2502"]
[BlackElo "1914"]
[PlyCount "55"]
[EventDate "2016.03.25"]
[EventRounds "7"]
[EventCountry "WLS"]

1. Nf3 e6 2. g3 d5 3. Bg2 c6 4. O-O Bd6 5. d3 Nf6 6. Nc3 O-O 7. e4 dxe4 8. Nxe4
Nxe4 9. dxe4 e5 10. Bg5 f6 11. Be3 Na6 12. Qe2 Be6 13. Nh4 Bc5 14. Bxc5 Nxc5
15. Nf5 Qc7 16. Qe3 b6 17. f4 Rad8 18. fxe5 Qxe5 19. Ne7+ Kh8 20. Nxc6 Qxb2 21.
Nxd8 Rxd8 22. Rad1 Re8 23. e5 Bxa2 24. exf6 Bf7 25. Qxe8+ Bxe8 26. f7 Bxf7 27.
Rd8+ Bg8 28. Rxg8+ 1-0

[Event "Tom Weston Open Major"]
[Site "Cardiff"]
[Date "2016.03.26"]
[Round "4.2"]
[White "Pearson, Raymond"]
[Black "Ivekovic, Tihana"]
[Result "0-1"]
[WhiteElo "1952"]
[BlackElo "2115"]
[PlyCount "58"]
[EventDate "2016.03.25"]
[EventRounds "7"]
[EventCountry "WLS"]

1. Nf3 d5 2. c4 e6 3. g3 Nf6 4. Bg2 Be7 5. O-O O-O 6. d4 dxc4 7. Ne5 Nc6 8.
Nxc6 bxc6 9. Bxc6 Rb8 10. Qc2 Qxd4 11. Rd1 Qb6 12. Bf3 Ba6 13. Nc3 Rbd8 14. Be3
c5 15. Bf4 Rxd1+ 16. Rxd1 Rd8 17. Rd2 Rxd2 18. Qxd2 Bb7 19. Na4 Qa6 20. Bxb7
Qxb7 21. Qa5 h6 22. Nxc5 Qxb2 23. Qxa7 Bxc5 24. Qxc5 Qxa2 25. Qe5 Nd5 26. Be3
Nxe3 27. Qxe3 Qb2 28. Kg2 c3 29. Qd4 Qd2 0-1

[Event "Tom Weston Open Major"]
[Site "Cardiff"]
[Date "2016.03.26"]
[Round "4.3"]
[White "Wagner, Guy"]
[Black "Christmas, Steve"]
[Result "1/2-1/2"]
[WhiteElo "1780"]
[BlackElo "1923"]
[PlyCount "82"]
[EventDate "2016.03.25"]
[EventRounds "7"]
[EventCountry "WLS"]

1. f4 d5 2. Nf3 Nf6 3. e3 c6 4. Be2 g6 5. O-O Bg7 6. d3 O-O 7. Nc3 Na6 8. Ne5
d4 9. Ne4 c5 10. Nxf6+ exf6 11. Nf3 f5 12. e4 Re8 13. Nd2 Bd7 14. Bf3 Qc7 15.
e5 Be6 16. Nc4 Rab8 17. Bd2 Bf8 18. a4 Red8 19. b3 Nb4 20. Be1 Be7 21. Kh1 Nd5
22. Bxd5 Bxd5 23. Kg1 b6 24. Bf2 Qc6 25. Bg3 Bxg2 26. Rf2 Bd5 27. Qe1 Be6 28.
h3 Bc8 29. Rh2 Bb7 30. Bh4 Qe6 31. Bxe7 Qxe7 32. h4 h5 33. Qg3 Kh7 34. Qg5
Qxg5+ 35. hxg5 Bd5 36. Nd6 a6 37. Re2 Be6 38. Rae1 Kg7 39. Kg2 Rd7 40. Kg3 Kf8
41. Rb1 a5 1/2-1/2

[Event "Tom Weston Open Major"]
[Site "Cardiff"]
[Date "2016.03.26"]
[Round "4.4"]
[White "Summers, Charles"]
[Black "Buttell, David"]
[Result "1-0"]
[WhiteElo "1922"]
[BlackElo "1813"]
[PlyCount "39"]
[EventDate "2016.03.25"]
[EventRounds "7"]
[EventCountry "WLS"]

1. d4 d5 2. e4 dxe4 3. Nc3 Nf6 4. f3 exf3 5. Nxf3 Bg4 6. h3 Bxf3 7. Qxf3 c6 8.
g4 e6 9. g5 Nd5 10. Bd3 Bb4 11. O-O Qe7 12. Ne4 Qf8 13. c4 f5 14. cxd5 fxe4 15.
Qxe4 Qe7 16. dxe6 Rf8 17. Be3 Bd6 18. Rxf8+ Kxf8 19. Rf1+ Ke8 20. Rf7 1-0